000 00517cam a2200157 4500500
005 20260329001844.0
041 _afre
042 _adc
100 1 0 _aChapuis, Émilie
_eauthor
245 0 0 _aJean-Luc Domenach : « Une conscience écologique émergente »
260 _c2009.
500 _a38
690 _aChine
786 0 _nPhilosophie magazine | 32 | 9 | 2009-09-01 | p. 14-14 | 1951-1787
856 4 1 _uhttps://shs.cairn.info/magazine-philosophie-magazine-2009-9-page-14?lang=fr&redirect-ssocas=7080
999 _c1809338
_d1809338